Trouve les 65 webtoons - Statistiques

Statistiques générales
  • Ce quiz a été pris 232 fois
  • Le résultat moyen est 9 sur 65
Statistiques - réponses
Hint Reponse % Correct
Un triangle amoureux, une fille devient belle grâce au maquillage True beauty
72%
Gars qui a 2 corps, un petit gros et un grand bg Lookism
46%
Fille qui élève une bête ( simple) J'ai élevé une bête
45%
Fille malade qui revient dans le temps après avoir été trompée par son petit ami et sa meilleure amie et purée comment elle devient incroyablement belle et badass Marry my husband
44%
Deux bff qui veulent date en même temps Double date quest
31%
Fille qui revoit un ami d'enfance et décide de se marier avec lui vu qu'ils sont célib Maybe meant to be
31%
Fille qui a pour patron le mec avec qui elle a eu une aventure a Paris The runway
31%
Mec qui devient un insecte mais il est bg aussi Jungle juice
29%
CE N'EST JUSTE QU'UNE QUESTION D'AGE AHAH Question d'âge
29%
4 gars qui finissent ensemble Boyfriends
24%
Fille qui revoit 2 de ses ex Le retour des ex
24%
Fille qui peut voir des numéros rouges sur les gens My only 1
22%
Fille qui se venge de la famille qui la brisée en draguant les amants de celle ci The wife
19%
Fille qui cohabite avec le grand frère célèbre de sa meilleure amie Celebrity roommate
18%
Une fille qui voit l'avenir de la personne qu'elle embrasse Kiss sixth sense
16%
Webtoon avec Mew, Daisy, Win, Mickey mouse Nice to meet you
15%
Fille qui fait croire qu'une poubelle vous dit avec qui vous irez bien Clothing bin of love
14%
Diable qui veut récup l'âme d'une fille en faisant un pacte avec elle Diable n°4
14%
Meuf avec un petit ami totalement dingue qui tue tout le monde mais c'est un secret Mon plus grand secret
13%
Mec qui retrouve une fille grv belle alienne dans son jardin Tombée du ciel
13%
Virus a Séoul Un jour à Séoul
13%
Fille qui se rappelle de ses anciennes vies J'irai te voir dans ma prochaine vie
12%
Sirène qui veut apprendre à nager Leçons de natation pour une sirène
12%
Fille qui fait croire qu'elle est amnésique pour ne pas divorcer avec son mari Le couple parfait n'existe pas
12%
Filles qui a pour bijoux des hommes Les bijoux de la princesse
12%
Fille qui va devenir la belle mère du perso principal d'un livre L'héroïne veut faire de moi sa belle-mère
12%
Fille qui essaye de sauver sa soeur en remontant le temps et prenant sa place Une seconde chance
12%
Un mec bourreau de coeurs de femmes riches qui se fait arnaquer lui même par une femme riche sans le savoir Les ordures, à la poubelle!
11%
Une meuf avec un téléphone qui se transforme en mec! Phone addict
11%
Mec qui devient le garde du corps d'une fille riche She's hopeless
11%
Fille qui tombe amoureuse de son ennemi To love your ennemy
11%
Mec qui fait en sorte que sa mère rajeunisse Pardon maman
10%
Fille témoin d'un meurtre et ainsi coincée dans un carré amoureux Aime-moi follement
9%
Plusieurs histoire avec des gens qui changent d'apparence pour pouvoir se venger Change-moi
9%
Un cyborg qui tombe in love d'un humain It was all you
9%
Fille qui devient grv belle grâce a un demon et elle vit comme dans un jeu vidéo avec grv des bgs Beauty in a click
8%
Fille qui cohabite avec le pote mannequin de son ptit frère Complicated cohabitation
8%
Fille qui essaye de sauver son amour d'enfance, mort dans un accident de bus, en remontant le temps Juste une fille
8%
Emission de maquillage L'homme qui démaquille
8%
Fille qui RETROUVE son ami d'enfance qui est un gars qui sauve les gens en cachette Retrouvailles
8%
Fille qui se réveille dans une apocalypse de monstres zombies Homesick
7%
Gars qui aime se conduire en fille My crossdressing crush
7%
Fille qui fait sans faire exprès une déclaration a la mauvaise personne Can i take it back
6%
Un monde où tu peux programmer un meurtre par an Death Rescheduled
6%
RIHITE CE BG Et ils vécurent heureux
6%
4 amis, Johnny, Mica, Martina et Gabi Eux quatre
5%
Mec avec des pouvoirs verts crée par un mec avec un journal intime Jackson's diary
5%
Une célèbre actrice droguée qui fait son retour sur scène L'héroïne disqualifiée
5%
Fille qui se téléporte vers quelqu'un en embrassant un livre Teleport in heartbeat
5%
Une hybride vampire loup garou avec un stalker bg AntiSTALKER
4%
Meuf seule dans une apocalypse de zombie qui tombe in love d'un zombie Boyfriend of the dead
4%
Meuf qui se transforme en renard et elle doit se marier avec son amour de la vie Dating with a tail
4%
Un prince qui aime les hommes et une princesse qui aime les filles High class homos
4%
Mec qui cache a sa meilleure amie qu'il est un loup garou Super secret
4%
Fille manageuse qui revient dans le temps This wasn't my plan
4%
Fille avec des problèmes maladies qui se fait mordre par un vampire bg Un contract acéré
4%
Mec arrogant qui veut épouser une fille badass avec des ailes À la poursuite de Luce Vischel
3%
Fille qui est sur le point de recevoir un héritage Le grand héritage
3%
Histoire d'un groupe d'ami et un frère de l'un d'entre eux meurt Seasons of blossom
3%
Jeunes étudiants victimes de rumeurs sur le site de leur université À bas les rumeurs
2%
Un mec qui aime les arcs en ciel? Acception
2%
4 filles qui peuvent voir la vie d'une fille a travers la télé et prendre sa place Mez et les filles de Sar
2%
Un bleu, un rouge et une violette Ulysse et Léon
2%
Fille qui trouve un tiroir rose magique Le tiroir magique de Nina
1%
Mec qui vit avec un personnage angoisse Porte-bonheur
1%
Aucun quiz correspondant
Distribution des résultats
% des personnes avec chaque résultat
Percentile par nombre de réponses
Votre historique - résultats
Vous n’avez pas pris ce quiz